| 000 | 00446nam a2200157 i 4500 | ||
|---|---|---|---|
| 001 | 39907 | ||
| 003 | ES-MaACL | ||
| 005 | 20230906160112.0 | ||
| 007 | t| | ||
| 008 | 030304s1922 sp ||||1| spa d | ||
| 100 | 1 |
_aCandela y Martín, Enrique. _934453 |
|
| 245 | 1 | 0 |
_aGodeardo _b: drama en único acto / _cpor Enrique Candela. |
| 260 |
_aMadrid : _b[s.n., _c1922] ( _fImp. Nieto y Cia) |
||
| 300 |
_a99 p. ; _c22 cm. |
||
| 852 |
_aES-MaACL _jG-5380 |
||
| 999 |
_c39907 _d39907 |
||